[Event "Ambalangoda Dhamso op 11th"]
[Site "Ambalangoda"]
[Date "2024.05.17"]
[Round "2"]
[White "Gusain, Himal"]
[Black "Thilanya, JG Vinudi"]
[Result "1-0"]
[WhiteElo "2485"]
[BlackElo "1432"]
[PlyCount "75"]
[EventDate "2024.05.17"]
[EventType "swiss"]
[EventRounds "10"]
[EventCountry "SRI"]
[SourceTitle "CBM 220 Extra"]
[Source "ChessBase"]
[SourceDate "2024.07.31"]
[SourceVersion "1"]
[SourceVersionDate "2024.07.31"]
[SourceQuality "1"]

1. d4 Nf6 2. c4 g6 3. g3 Bg7 4. Bg2 c6 5. b3 d6 6. Bb2 0-0 7. Nf3 Nbd7 8. 0-0 Rb8 9. a4 a6 10. a5 Re8 11. Qc2 b6 12. axb6 Qxb6 13. Nbd2 c5 14. d5 Nf8 15. e4 e6 16. dxe6 Nxe6 17. e5 Ng4 18. exd6 Qxd6 19. Ne4 Qb6 20. h3 f5 21. Ned2 Nf6 22. Rfe1 Bb7 23. Re2 Red8 24. Rae1 Nd4 25. Nxd4 cxd4 26. Re6 Qb4 27. Bxb7 Rxb7 28. Qd1 Rf7 29. Rxa6 Re7 30. Ba3 Rxe1+ 31. Qxe1 Qb7 32. Re6 Qa8 33. Be7 Rc8 34. Bxf6 Bh6 35. Bxd4 Rd8 36. Qe5 Rf8 37. Re7 Rf7 38. Qh8# 1-0